Úloha a postavenie EÚ vo svetovom hospodárstve diplomová práca

Na minha lista:
Detalhes bibliográficos
Autor principal: Kutliš, Ladislav
Autor Corporativo: Obchodná fakulta EU. Katedra medzinárodného obchodu
Outros Autores: Malík, Marek
Formato: Livro
Idioma:eslovaco
Publicado em: Bratislava 2010
Tags: Adicionar Tag
Sem tags, seja o primeiro a adicionar uma tag!

MARC

LEADER 00000nam a2200000 4500
001 0120153
005 20240318123653.9
041 0 |a slo 
044 |a SK 
245 1 0 |a Úloha a postavenie EÚ vo svetovom hospodárstve  |b diplomová práca  |c Ladislav Kutliš ; škol. Marek Malík 
264 1 |a Bratislava  |c 2010 
300 |a 74 s. 
100 1 |a Kutliš, Ladislav 
700 1 |a Malík, Marek 
710 2 |a Obchodná fakulta EU. Katedra medzinárodného obchodu